Minecraft Mobs: Donkey - Statistics

General Stats
  • This quiz has been taken 9 times
  • The average score is 6 of 9
Answer Stats
Question Answer % Correct
What is the minimum number of health points a donkey can have? 15
88%
What is the maximum number of health points a donkey can have? 30
88%
What is one biome a donkey can spawn in? Meadow | Plains | Savanna | Savanna Plateau | Sunflower Plains | Windswept Savanna
75%
How many inventory slots does a chest have when equipped on a donkey? 15
63%
What is the maximum full blocks a donkey can jump over? 5
63%
What is one item that can be used to breed donkeys? Golden Carrot | Golden Apple | Enchanted Golden Apple
63%
What is one other item that can be fed to donkeys to heal them? Sugar | Wheat | Apple | Carrot | Hay Bale
63%
What is an adult donkey's height in blocks? 1.5
50%
What is an adult donkey's width in blocks? 1.3965
0%
No matching quizzes found
Score Distribution
Percent of People with Each Score
Percentile by Number Answered
Your Score History
You have not taken this quiz